Savere chali augi-Lok geet part-1 / (Record no. 44232)

MARC details
000 -LEADER
fixed length control field 01012njm a22002657a 4500
005 - DATE AND TIME OF LATEST TRANSACTION
control field 20100907115243.0
007 - PHYSICAL DESCRIPTION FIXED FIELD--GENERAL INFORMATION
fixed length control field sd ammalaaahaa
008 - FIXED-LENGTH DATA ELEMENTS--GENERAL INFORMATION
fixed length control field 100907t xxu||||| |||| 00| 0 eng d
028 ## - PUBLISHER NUMBER
Publisher number N. 80221
Source His Master's Voice
035 ## - SYSTEM CONTROL NUMBER
System control number GR-01157
040 ## - CATALOGING SOURCE
Original cataloging agency SED/VEN
100 ## - MAIN ENTRY--PERSONAL NAME
Personal name Niyamat Ali
9 (RLIN) 18700
245 ## - TITLE STATEMENT
Title Savere chali augi-Lok geet part-1 /
Statement of responsibility, etc by Niamat Ali ; music and lyrics by Niamat Ali
246 ## - VARYING FORM OF TITLE
Title proper/short title सवेरे चली ओगी (लोक गीत)
260 ## - PUBLICATION, DISTRIBUTION, ETC. (IMPRINT)
Place of publication, distribution, etc Dam Dam, India
Name of publisher, distributor, etc His Mater's Voice
300 ## - PHYSICAL DESCRIPTION
Extent 1 Sound Disc [Gramophone Record] :
Other physical details analog.33 1/33 rpm
Dimensions 10 in (LP)
Type of unit Gramophone Record
500 ## - GENERAL NOTE
General note Brief Record
505 ## - FORMATTED CONTENTS NOTE
Formatted contents note Tik tik re barse (टिक टिक रे बर्धे) पार्ट-2
650 ## - SUBJECT ADDED ENTRY--TOPICAL TERM
Topical term or geographic name as entry element Classical Music
General subdivision Excerpts
Geographic subdivision India
9 (RLIN) 18707
700 ## - ADDED ENTRY--PERSONAL NAME
9 (RLIN) 18701
Personal name Niyamt Ali
700 ## - ADDED ENTRY--PERSONAL NAME
Personal name Kokate, Sahebrao
9 (RLIN) 18729
700 ## - ADDED ENTRY--PERSONAL NAME
9 (RLIN) 18702
942 ## - ADDED ENTRY ELEMENTS (KOHA)
Source of classification or shelving scheme Dewey Decimal Classification
Item type Gramaphone Records
Holdings
Withdrawn status Lost status Source of classification or shelving scheme Damaged status Not for loan Collection code Home library Current library Date acquired Source of acquisition Total Checkouts Barcode Date last seen Copy number Price effective from Koha item type
    Dewey Decimal Classification   Not For Loan Non-fiction Central Library Central Library 07/09/2010 SED/VEN   GR-01157 07/09/2010 1 07/09/2010 Gramaphone Records

© Delhi Public Library
Hit Counter
free hit counter